| LEADER |
01302nam0a2200277 450 |
| 001 |
16848049 |
| 010 |
|
|
|a 2-84344-061-0
|b Br.
|d 19
|
| 100 |
|
|
|a 20041223d2005 u u0frey01 ba
|
| 101 |
0 |
|
|a fre
|
| 102 |
|
|
|a FR
|
| 200 |
0 |
|
|a Patrouille du temps (La)
|f Poul Anderson
|g préf. Jean-Daniel Brèque
|
| 207 |
|
1 |
|a
|
| 215 |
|
|
|a 320 p.
|d 21 x 14 cm
|
| 300 |
|
|
|a Bibliogr.
|
| 327 |
|
|
|a La Patrouille du temps,Le Grand roi,Les Chutes de Gibraltar,Echec aux Mongols,L'Autre univers
|
| 330 |
|
|
|a Depuis l'invention du voyage dans le temps, l'humanité a radicalement changé. Afin d'éviter toute dérive et tout danger, elle a mis sur pied une Patrouille du temps ayant pour mission de préserver l'histoire et de mieux la connaître. Celle-ci est au centre d'un cycle de science-fiction réuni ici pour la première fois en un seul volume et accompagné d'une bibliographie de Poul Anderson.
|
| 461 |
|
0 |
|t La patrouille du temps
|v 01
|
| 464 |
|
|
|a La Patrouille du temps
|
| 464 |
|
|
|a Le Grand roi
|
| 464 |
|
|
|a Les Chutes de Gibraltar
|
| 464 |
|
|
|a Echec aux Mongols
|
| 464 |
|
|
|a L'Autre univers
|
| 700 |
|
0 |
|a Anderson
|b Poul
|4 70
|
| 900 |
|
|
|a Science Fiction
|
| 901 |
|
|
|a Accessible au prêt
|
| 995 |
|
|
|a Bibliothèque
|c Bibliothèque
|f 00156006163745
|h 00156006163745
|k SF AND
|o p
|q a
|r az
|e Bibliothèque
|